Province italiane più a Sud - Statistics

Statistiche generali
  • Questo quiz è stato fatto 77 volte
  • Il punteggio medio è 14 su 15
Statistiche sulle risposte
Latitudine punto regionale più a Sud Provincia % Corretto
37°32′21″N Città metropolitana di Palermo
100%
37°03′01″N Città metropolitana di Catania
98%
37°47′43″N Città metropolitana di Messina
97%
36°41′09″N Libero consorzio comunale di Ragusa
97%
36°38′38″N Libero consorzio comunale di Siracusa
97%
36°44′03″N Libero consorzio comunale di Trapani
97%
37°54′56″N Città metropolitana di Reggio Calabria
95%
37°00′06″N Libero consorzio comunale di Caltanissetta
95%
37°17′28″N Libero consorzio comunale di Enna
95%
38°27′48″N Provincia di Catanzaro
95%
35°29′31″N Libero consorzio comunale di Agrigento
92%
38°53′33″N Provincia di Crotone
92%
38°25′44″N Provincia di Vibo Valentia
86%
38°54′56″N Città metropolitana di Cagliari
72%
38°51′33″N Provincia del Sud Sardegna
52%
Nessun quiz corrispondente trovato
Distribuzione punteggi
Percentuale di utenti per punteggio
Percentile per numero di risposta
I tuoi punteggi nel tempo
Non hai fatto questo quiz